<?xml version="1.0" encoding="UTF-8"?>
<record
    xmlns:xsi="http://www.w3.org/2001/XMLSchema-instance"
    xsi:schemaLocation="http://www.loc.gov/MARC21/slim http://www.loc.gov/standards/marcxml/schema/MARC21slim.xsd"
    xmlns="http://www.loc.gov/MARC21/slim">

  <leader>01384nam2a22002291  4500</leader>
  <controlfield tag="001">rc\3714323</controlfield>
  <controlfield tag="005">20250610102951.0</controlfield>
  <datafield tag="035" ind1=" " ind2=" ">
    <subfield code="a">(NLR Aleph) 007859192</subfield>
  </datafield>
  <datafield tag="090" ind1=" " ind2=" ">
    <subfield code="a">7796556</subfield>
    <subfield code="c">7796556</subfield>
  </datafield>
  <datafield tag="100" ind1=" " ind2=" ">
    <subfield code="a">20130115d1970    |||y0rusy50      ca</subfield>
  </datafield>
  <datafield tag="101" ind1="0" ind2=" ">
    <subfield code="a">rus</subfield>
  </datafield>
  <datafield tag="102" ind1=" " ind2=" ">
    <subfield code="a">RU</subfield>
  </datafield>
  <datafield tag="105" ind1=" " ind2=" ">
    <subfield code="a">a   z   |||||</subfield>
  </datafield>
  <datafield tag="200" ind1="0" ind2=" ">
    <subfield code="a">[&#x412;&#x44B;&#x43F;. 1]</subfield>
  </datafield>
  <datafield tag="210" ind1=" " ind2=" ">
    <subfield code="d">1970</subfield>
    <subfield code="a">&#x411;. &#x43C;.</subfield>
  </datafield>
  <datafield tag="215" ind1=" " ind2=" ">
    <subfield code="a">71 &#x441;.</subfield>
    <subfield code="c">&#x438;&#x43B;.</subfield>
  </datafield>
  <datafield tag="461" ind1=" " ind2="0">
    <subfield code="1">001rc\3714322</subfield>
    <subfield code="1">2001#$a&#x421;&#x43E;&#x432;&#x435;&#x440;&#x448;&#x435;&#x43D;&#x441;&#x442;&#x432;&#x43E;&#x432;&#x430;&#x43D;&#x438;&#x435; &#x442;&#x435;&#x445;&#x43D;&#x43E;&#x43B;&#x43E;&#x433;&#x438;&#x438; &#x43E;&#x442;&#x43A;&#x440;&#x44B;&#x442;&#x44B;&#x445; &#x433;&#x43E;&#x440;&#x43D;&#x44B;&#x445; &#x440;&#x430;&#x431;&#x43E;&#x442;$e(&#x41A;&#x443;&#x437;&#x431;&#x430;&#x441;&#x441;)$e&#x421;&#x431;&#x43E;&#x440;&#x43D;&#x438;&#x43A; &#x441;&#x442;&#x430;&#x442;&#x435;&#x439;$e[&#x412;&#x44B;&#x43F;. 1]-$f&#x41C;-&#x432;&#x43E; &#x443;&#x433;&#x43E;&#x43B;&#x44C;&#x43D;&#x43E;&#x439; &#x43F;&#x440;&#x43E;&#x43C;-&#x441;&#x442;&#x438; &#x421;&#x421;&#x421;&#x420;. &#x41D;&#x430;&#x443;&#x447;.-&#x438;&#x441;&#x441;&#x43B;&#x435;&#x434;. &#x438; &#x43F;&#x440;&#x43E;&#x435;&#x43A;&#x442;&#x43D;&#x43E;-&#x43A;&#x43E;&#x43D;&#x441;&#x442;&#x440;&#x443;&#x43A;&#x442;. &#x438;&#x43D;-&#x442; &#x43F;&#x43E; &#x434;&#x43E;&#x431;&#x44B;&#x447;&#x435; &#x43F;&#x43E;&#x43B;&#x435;&#x437;&#x43D;&#x44B;&#x445; &#x438;&#x441;&#x43A;&#x43E;&#x43F;&#x430;&#x435;&#x43C;&#x44B;&#x445; &#x43E;&#x442;&#x43A;&#x440;&#x44B;&#x442;&#x44B;&#x43C; &#x441;&#x43F;&#x43E;&#x441;&#x43E;&#x431;&#x43E;&#x43C; "&#x41D;&#x418;&#x418;&#x41E;&#x413;&#x420;"$v[&#x412;&#x44B;&#x43F;. 1]</subfield>
    <subfield code="9">7796554</subfield>
    <subfield code="c">&#x427;&#x435;&#x43B;&#x44F;&#x431;&#x438;&#x43D;&#x441;&#x43A;</subfield>
    <subfield code="d">1970-</subfield>
    <subfield code="f">&#x41C;-&#x432;&#x43E; &#x443;&#x433;&#x43E;&#x43B;&#x44C;&#x43D;&#x43E;&#x439; &#x43F;&#x440;&#x43E;&#x43C;-&#x441;&#x442;&#x438; &#x421;&#x421;&#x421;&#x420;. &#x41D;&#x430;&#x443;&#x447;.-&#x438;&#x441;&#x441;&#x43B;&#x435;&#x434;. &#x438; &#x43F;&#x440;&#x43E;&#x435;&#x43A;&#x442;&#x43D;&#x43E;-&#x43A;&#x43E;&#x43D;&#x441;&#x442;&#x440;&#x443;&#x43A;&#x442;. &#x438;&#x43D;-&#x442; &#x43F;&#x43E; &#x434;&#x43E;&#x431;&#x44B;&#x447;&#x435; &#x43F;&#x43E;&#x43B;&#x435;&#x437;&#x43D;&#x44B;&#x445; &#x438;&#x441;&#x43A;&#x43E;&#x43F;&#x430;&#x435;&#x43C;&#x44B;&#x445; &#x43E;&#x442;&#x43A;&#x440;&#x44B;&#x442;&#x44B;&#x43C; &#x441;&#x43F;&#x43E;&#x441;&#x43E;&#x431;&#x43E;&#x43C; "&#x41D;&#x418;&#x418;&#x41E;&#x413;&#x420;"</subfield>
    <subfield code="n">&#x411;. &#x438;.</subfield>
    <subfield code="o">(&#x41A;&#x443;&#x437;&#x431;&#x430;&#x441;&#x441;) : &#x421;&#x431;&#x43E;&#x440;&#x43D;&#x438;&#x43A; &#x441;&#x442;&#x430;&#x442;&#x435;&#x439; : [&#x412;&#x44B;&#x43F;. 1]-</subfield>
    <subfield code="t">&#x421;&#x43E;&#x432;&#x435;&#x440;&#x448;&#x435;&#x43D;&#x441;&#x442;&#x432;&#x43E;&#x432;&#x430;&#x43D;&#x438;&#x435; &#x442;&#x435;&#x445;&#x43D;&#x43E;&#x43B;&#x43E;&#x433;&#x438;&#x438; &#x43E;&#x442;&#x43A;&#x440;&#x44B;&#x442;&#x44B;&#x445; &#x433;&#x43E;&#x440;&#x43D;&#x44B;&#x445; &#x440;&#x430;&#x431;&#x43E;&#x442;</subfield>
    <subfield code="v">[&#x412;&#x44B;&#x43F;. 1]</subfield>
  </datafield>
  <datafield tag="801" ind1=" " ind2="0">
    <subfield code="a">RU</subfield>
    <subfield code="b">NLR</subfield>
    <subfield code="g">psbo</subfield>
  </datafield>
  <datafield tag="801" ind1=" " ind2="1">
    <subfield code="a">RU</subfield>
    <subfield code="b">ELAR</subfield>
    <subfield code="2">rusmarc</subfield>
  </datafield>
  <datafield tag="852" ind1=" " ind2=" ">
    <subfield code="a">NLR</subfield>
    <subfield code="j">70-4/10057</subfield>
  </datafield>
  <datafield tag="942" ind1=" " ind2=" ">
    <subfield code="c">BOOK</subfield>
  </datafield>
  <datafield tag="980" ind1=" " ind2=" ">
    <subfield code="a">NB</subfield>
  </datafield>
  <datafield tag="995" ind1=" " ind2=" ">
    <subfield code="5">2013-10-26</subfield>
    <subfield code="b">NLR01</subfield>
    <subfield code="c">NLR01</subfield>
    <subfield code="e">RF31</subfield>
    <subfield code="f">7859192-10</subfield>
    <subfield code="k">70-4/10057</subfield>
    <subfield code="o">0</subfield>
    <subfield code="r">BOOK</subfield>
    <subfield code="s">70410057_</subfield>
  </datafield>
</record>
